| 000 | 00404nam a2200157Ia 4500 | ||
|---|---|---|---|
| 008 | 230917s9999||||xx |||||||||||||| ||und|| | ||
| 040 |
_e169598 _aMAIN |
||
| 041 | _aEnglish | ||
| 082 | _a152 L579I(3) | ||
| 100 | _aLevinthal, Charles F | ||
| 245 | 0 | _aIntroduction to psychological psychology | |
| 250 | _a3rd ed. | ||
| 260 |
_aEnglewood Cliffs _bPrentice-Hall _c1990 |
||
| 300 | _a522 p. | ||
| 942 | _cBK | ||
| 999 |
_c64558 _d64558 |
||